Science Quiz

Random Science Quiz

Asthma Therapies Quiz Stats

 Plays Quiz not verified by Sporcle

Challenge
Share
Tweet
Embed
Score 0/13 Timer 11:00
0 Plays Today
Drug target/mechanism Drug % Correct
Bronchodilator- Short acting- B2 agonistSalbutamol
86.2%
Anti-Inflam: Leukotriene Antagonists (disappointing)Montelukast
55.2%
Brochodilator- Medium term B2 agonistSalmeterol
51.7%
Bronchodilator- Short acting- musc antagonistIpratropium
27.6%
Bronchodilator Long acting musc antagonistTiotropium
20.7%
Bronchodilator- Short acting- IV PDE inhibitorAminophylline
13.8%
Bronchodilator- Oral PDE InhibitorTheophylline
13.8%
Anti-Inflam: Anti-IgE AntibodyOmalizumab
13.8%
Anti-Inflammatories: Corticosteroids (inhibit PLA2, less PGs, LTs, degran)Beclomethasone
10.3%
Anti-Inflam: IN TRIAL - guess the target (eos. recruitment)CCR3
3.4%
Anti-Inflam: Stabilise SP releasing neuronsSodium Cromoglycate
3.4%
Anti- Inflam: IN TRIAL guess target- eos activator, part of Th2IL-13
3.4%
In developmentAnti-oxidants and PDE 4 antagonists
3.4%

You're not logged in!

Compare scores with friends on all Sporcle quizzes.
Join for Free
OR
Log In

You Might Also Like...

Show Comments

Extras

Created Apr 19, 2011ReportNominate
Tags:drug, mechanism, target, therapy

Top Quizzes Today


Score Distribution

Your Account Isn't Verified!

In order to create a playlist on Sporcle, you need to verify the email address you used during registration. Go to your Sporcle Settings to finish the process.

Report this User

Report this user for behavior that violates our Community Guidelines.

Details: